| 000 | 02345nam0a2200397 4500 | ||
|---|---|---|---|
| 001 | RU\NLR\bibl\288310 | ||
| 005 | 20250620141517.0 | ||
| 021 |
_aRU _b2002-12171 _9602 |
||
| 035 | _a(NLR Aleph) 000283726 | ||
| 090 |
_a1660666 _c1660666 |
||
| 100 | _a20020711d2001 |||y0rusy50 ca | ||
| 101 | 0 | _arus | |
| 102 | _aRU | ||
| 105 | _ac ||||||||| | ||
| 200 | 1 |
_a30 лет кафедре травматологии и ортопедии СПбГМУ им. акад. И. П. Павлова _e[Ист. очерк] _fМ-во здравоохранения Рос. Федерации, Гос. образоват. учреждение-С.-Петерб. гос. мед. ун-т им. И. П. Павлова _g[Сост. А. Ю. Каныкин, В. И. Осташко _gПод ред. Н.В. Корнилова] |
|
| 210 |
_aСПб. _cИзд-во СПбГМУ _d2001 |
||
| 215 |
_a39 с. _cпортр. _d20 |
||
| 320 | _aСписок науч. тр. сотрудников каф.: с. 32-39 | ||
| 601 | 0 | 2 |
_aСанкт-Петербургский государственный медицинский университет им. И. П. Павлова _bКафедра травматологии и ортопедии _2psbo |
| 601 | 0 | 2 |
_aЛенинградский медицинский институт им. И.П. Павлова _bКафедра травматологии и ортопедии _c1 _xИстория _92254471 _3RU\NLR\auth\661352098 |
| 601 | 0 | 2 |
_aСанкт-Петербургский государственный медицинский университет им. И.П.Павлова _bКафедра травматологии и ортопедии _xИстория _92254470 _3RU\NLR\auth\661352097 |
| 610 | 0 | _aМедицинские университеты - Кафедры травматологии и ортопедии - История | |
| 675 |
_a[616 _v3 _zrus |
||
| 675 |
_a617.3](082) _v3 _zrus |
||
| 686 |
_a76.03 _2rugasnti |
||
| 686 |
_a54.58 _2rubbk |
||
| 686 | _aР458е(2)л31Петербургский | ||
| 702 | 1 |
_aКаныкин _bА. Ю. _gАлександр Юрьевич _4220 |
|
| 702 | 1 |
_aКорнилов _bН. В. _4340 |
|
| 801 | 0 |
_aRU _bRKP _c20020711 _gPSBO |
|
| 801 | 1 |
_aRU _bRKP _c20020711 |
|
| 801 | 2 |
_aRU _bNLR _c20070605 _grcr |
|
| 942 | _cBOOK | ||
| 980 | _aNB | ||